000 00962nam a2200229 a 4500
001 000005820
005 20251120073731.0
008 090824s1979 dr 001 0 spa d
040 _aDO-SdBNP
_bspa
_cBNPHU
082 _axxxx
_bU588p
110 2 _aPontificia Universidad Católica Madre y Maestra
_9843
245 1 0 _aPrimeras jornadas iberoamericanas de derecho del trabajo /
_cUniversidad Católica Madre y Maestra ; coordinador Lupo Hernández Rueda ; presentación Danilo de los Santos.
260 _aSantiago de los Caballeros, República Dominicana :
_bUCMM,
_c1979.
300 _a599 p. ;
_c23 cm.
490 1 _aEstudios
500 _aIncluye índice de nombres y temas
504 _aIncluye referencias bibliográficas y notas al pie de las páginas
504 _aIncluye bibliografías (p. 307-314)
700 _aHernández Rueda, Lupo,
_d1930-2017
_ecoord.
_923790
700 1 _aSantos, Danilo de los,
_d1943-2018
_910278
830 0 _aEstudios
_93854
999 _c5616
_d5616